000 00960nam a2200241 a 4500
001 44259
003 BD-RjUL
005 20211209053826.0
008 160716s1980 bg ||||| |||| 00| 0 ben d
020 _c: TK. 25.00
035 _a(BD-RjUL)44377
040 _aBD-RjUL
_bben
_cBD-RjUL
_dBD-RjUL
041 _aben
082 _223
_a370.1
_bRAS 1980
100 _aরহমান, খোন্দকার মুস্তাফিজুর
_9135893
245 1 0 _aশিক্ষা-দর্শন /
_cখোন্দকার মুস্তাফিজুর রহমান
260 _aঢাকা :
_bবাংলা একাডেমী,
_c১৯৮০.
300 _a[১২], ৩৩৬ পৃ. ;
_c২১ সেমি.
504 _aসংযুক্ত গ্রন্থপজ্ঞি.
650 _aশিক্ষা
_9135894
_vদর্শনশাস্ত্র.
650 _aEducation
_9135895
_vPhilosophy.
942 _2ddc
_cBK
999 _c44259
_d44259